Stadiums of 2018 FIFA World Cup with a Map - Statistics

General Stats
  • This quiz has been taken 20 times
  • The average score is 9 of 12
Answers on the Map
Answers color-coded by a green-red scale on the quiz's map according to % correct below.
 
Answer Stats
Stadium % Correct
Gazprom Arena
93%
Ak Bars Arena
86%
Kaliningrad Stadium
86%
Ekaterinburg Arena
79%
Nizhny Novgorod Stadium
79%
Rostov Arena
79%
Samara Arena
79%
Luzhniki Stadium
71%
Volgograd Arena
64%
Mordovia Arena
57%
Otkritie Arena
57%
Fisht Olympic Stadium
50%
No matching quizzes found
Score Distribution
Percent of People with Each Score
Percentile by Number Answered
Your Score History
You have not taken this quiz